Introduction to Airborne Radar, 3e (Record no. 327207)
[ view plain ]
| 000 -LEADER | |
|---|---|
| fixed length control field | 00420 a2200157 4500 |
| 001 - CONTROL NUMBER | |
| control field | 92134 |
| 020 ## - INTERNATIONAL STANDARD BOOK NUMBER | |
| International Standard Book Number | 9781613530221 |
| 082 ## - DEWEY DECIMAL CLASSIFICATION NUMBER | |
| Classification number | 623.7348 STI |
| 090 ## - LOCALLY ASSIGNED LC-TYPE CALL NUMBER (OCLC); LOCAL CALL NUMBER (RLIN) | |
| -- | 44094 |
| -- | 44093 |
| 100 ## - MAIN ENTRY--PERSONAL NAME | |
| Personal name | George W. Stimson; Hough D Griffiths; Chris J Baker and Dave Adamy |
| 245 ## - TITLE STATEMENT | |
| Title | Introduction to Airborne Radar, 3e |
| 250 ## - EDITION STATEMENT | |
| Edition statement | 3 |
| 260 ## - PUBLICATION, DISTRIBUTION, ETC. | |
| Place of publication, distribution, etc. | USA |
| Name of publisher, distributor, etc. | Scitech |
| Date of publication, distribution, etc. | 2014 |
| 300 ## - PHYSICAL DESCRIPTION | |
| Extent | xxv, 745p. |
| Other physical details | Hb |
| 500 ## - GENERAL NOTE | |
| General note | Reference Book |
| 942 ## - ADDED ENTRY ELEMENTS (KOHA) | |
| Institution code [OBSOLETE] | CAE NUST |
| Call number prefix | 623.7348 STI |
| Withdrawn status | Lost status | Damaged status | Not for loan | Collection code | Permanent Location | Current Location | Date acquired | Total Checkouts | Full call number | Barcode | Date last seen | Price effective from | Koha item type |
|---|---|---|---|---|---|---|---|---|---|---|---|---|---|
| College of Aeronautical Engineering (CAE) | College of Aeronautical Engineering (CAE) | 04/03/2017 | 623.7348 STI | CAE88520 | 04/05/2017 | 04/05/2017 | Book |
